[Event "10th EICC"]
[Site "Budva MNE"]
[Date "2009.03.15"]
[Round "9"]
[White "Levin,Ev"]
[Black "Pecurica,M"]
[Result "1-0"]
[WhiteElo "2484"]
[BlackElo "1934"]
[EventDate "2009.03.06"]

1. c4 e6 2. Nc3 d5 3. d4 Nf6 4. cxd5 exd5 5. Bg5 Nbd7 6. e3 c6 7. Bd3 Bd6
8. Qc2 Nf8 9. Bh4 Ng6 10. Bg3 O-O 11. Nf3 Re8 12. Bxd6 Qxd6 13. O-O-O b5
14. Kb1 a5 15. Rc1 Nd7 16. Ne2 Bb7 17. h4 Rec8 18. Bf5 Rc7 19. Nc3 Ba6 20.
e4 Nb6 21. Nxd5 Nxd5 22. exd5 Qxd5 23. Rhe1 b4 24. h5 Nf4 25. Bxh7+ Kh8 26.
Be4 Qd6 27. g3 Nd5 28. Ne5 a4 29. Bxd5 Qxd5 30. Qc5 Qg2 31. d5 a3 32. b3
Qh3 33. d6 Rd7 34. Nxd7 Qxd7 35. Qxb4 Qa7 36. Qc5 Qd7 37. Re7 Qg4 38. d7
Rg8 39. Qc3 Qxh5 40. g4 1-0

[Event "10th EICC"]
[Site "Budva MNE"]
[Date "2009.03.15"]
[Round "9"]
[White "Savanovic,A"]
[Black "Brajovic,R"]
[Result "1-0"]
[WhiteElo "2428"]
[BlackElo "2275"]
[EventDate "2009.03.06"]

1. b3 e5 2. Bb2 Nc6 3. e3 Bc5 4. Nf3 Qe7 5. Bb5 f6 6. O-O e4 7. Nh4 d6 8.
d4 exd3 9. cxd3 Bd7 10. d4 Bb6 11. Nc3 f5 12. Qh5+ Qf7 13. Qxf7+ Kxf7 14.
d5 Ne5 15. Bxd7 Nxd7 16. Nxf5 Ngf6 17. Rad1 g6 18. Nh6+ Ke7 19. h3 Rhf8 20.
Kh2 c6 21. e4 Rae8 22. f3 Be3 23. dxc6 bxc6 24. Bc1 Bb6 25. Ba3 Bc7 26.
Rfe1 c5 27. Ng4 Nxg4+ 28. hxg4 Ke6 29. Nd5 Bd8 30. f4 Kf7 31. Bb2 Kg8 32.
g3 Re6 33. Kg2 Rfe8 34. Kf3 Rf8 35. Re2 Ne5+ 36. Bxe5 dxe5 37. f5 Rc6 38.
Ne3 Bg5 39. Nc4 Re8 40. Rd5 Bf6 41. Rc2 Kg7 42. Rd7+ Kg8 43. Rcd2 h5 44.
gxh5 gxf5 45. R2d6 Rxd6 46. Nxd6 fxe4+ 47. Kxe4 Ra8 48. h6 a5 49. Kf5 1-0

[Event "10th EICC"]
[Site "Budva MNE"]
[Date "2009.03.15"]
[Round "9"]
[White "Drljevic,L"]
[Black "Maksimovic,Br"]
[Result "0-1"]
[WhiteElo "2244"]
[BlackElo "2423"]
[EventDate "2009.03.06"]

1. e4 e6 2. d3 b6 3. g3 Bb7 4. Bg2 d5 5. Nd2 Nf6 6. e5 Nfd7 7. f4 Nc6 8.
Ngf3 h5 9. Qe2 h4 10. Bh3 hxg3 11. hxg3 Nc5 12. Nb3 Nxb3 13. axb3 d4 14.
Rh2 Bb4+ 15. Bd2 Bxd2+ 16. Kxd2 Qe7 17. Ng5 O-O-O 18. Rah1 Kb8 19. Bg2 Rxh2
20. Rxh2 Nb4 21. Bxb7 Kxb7 22. Rh7 Qc5 23. Kd1 Nd5 24. Rxg7 Qa5 25. Qd2
Ne3+ 26. Ke2 Qd5 27. Qe1 Nxc2 28. Qf1 Qxb3 29. Nxf7 Rd5 30. Nd6+ Kc6 31.
Nc4 Ne3 32. Qc1 Rc5 33. Qh1+ Kb5 34. Nd2 Rc2 0-1

[Event "10th EICC"]
[Site "Budva MNE"]
[Date "2009.03.15"]
[Round "9"]
[White "Panic,Ne"]
[Black "Veleski,R"]
[Result "1-0"]
[WhiteElo "2407"]
[BlackElo "2269"]
[EventDate "2009.03.06"]

1. f4 c5 2. b3 Nc6 3. Nf3 d5 4. e3 Nf6 5. Bb2 e6 6. Bb5 Qd6 7. Bxc6+ Qxc6
8. Ne5 Qc7 9. d3 b6 10. Nd2 a5 11. Ndf3 Ra7 12. Ng5 Qd6 13. Qf3 h6 14. Qh3
hxg5 15. Qxh8 gxf4 16. exf4 d4 17. O-O Bb7 18. Rae1 Nd5 19. Bc1 Nc3 20. f5
Bd5 21. fxe6 Bxe6 22. Bf4 Nd5 23. Nxf7 Qxf4 24. Rxf4 Nxf4 25. Ng5 Re7 26.
Rf1 1-0

[Event "10th EICC"]
[Site "Budva MNE"]
[Date "2009.03.15"]
[Round "9"]
[White "Golubovic,B"]
[Black "Civric,Z"]
[Result "1-0"]
[WhiteElo "2403"]
[BlackElo "2206"]
[EventDate "2009.03.06"]

1. c4 c5 2. Nc3 Nc6 3. Nf3 g6 4. e3 Bg7 5. d4 b6 6. Be2 d6 7. O-O Nf6 8. d5
Na5 9. e4 O-O 10. Bd2 e5 11. b3 a6 12. Ne1 Rb8 13. Qc2 Bd7 14. a4 h5 15.
Nd3 Ng4 16. h3 Nh6 17. f4 Nb7 18. fxe5 dxe5 19. Qc1 Kh7 20. Kh1 f6 21. a5
Nxa5 22. Ra3 Nf7 23. Nd1 Nd6 24. Nxc5 bxc5 25. Bxa5 Qc8 26. Nf2 f5 27. Bd2
fxe4 28. Kh2 Rf5 29. Be3 a5 30. Qc3 Nb7 31. Nxe4 Rxf1 32. Bxf1 Qf8 33. Bd3
Bf5 34. Ng5+ Kh8 35. Bxf5 e4 36. Qd2 Qxf5 37. Ne6 Be5+ 38. Bf4 g5 39. Bxe5+
Qxe5+ 40. Kg1 e3 41. Qe2 g4 42. b4 Rg8 43. Rxe3 Qa1+ 44. Kh2 axb4 45. hxg4
hxg4 46. Rh3+ 1-0

[Event "10th EICC"]
[Site "Budva MNE"]
[Date "2009.03.15"]
[Round "9"]
[White "Nikac,P"]
[Black "Pantic,I"]
[Result "0-1"]
[WhiteElo "2395"]
[BlackElo "2193"]
[EventDate "2009.03.06"]

1. e4 c5 2. Nf3 Nc6 3. d4 cxd4 4. Nxd4 Nf6 5. Nc3 e5 6. Nde2 Bc5 7. Ng3 d6
8. Bc4 Ng4 9. Qf3 Bxf2+ 10. Kf1 O-O 11. Nf5 Bxf5 12. exf5 Qh4 13. Be2 Bc5
14. h3 Nf2 15. g3 e4 16. Qg2 Qf6 17. Nxe4 Nxe4 18. Qxe4 Rfe8 19. Qg4 h5 20.
Qxh5 Qd4 21. Qf3 Qe5 22. c3 d5 23. f6 Qxf6 24. Qxf6 gxf6 25. Bf4 Be3 26.
Rd1 Bxf4 27. gxf4 Rad8 28. Bf3 d4 29. Kf2 Rd6 30. Rd3 Red8 31. Rhd1 dxc3
32. Rxd6 Rxd6 33. Rxd6 c2 34. Bxc6 c1=Q 35. Rd8+ Kg7 36. Bf3 Qxf4 37. Rd7
Qh2+ 38. Bg2 b5 39. Rd5 a6 40. b3 Qf4+ 41. Bf3 Qh2+ 42. Bg2 Qc7 43. Rd2 f5
44. Bf3 Qh2+ 45. Bg2 Kh6 46. Rd3 Qe5 47. Bd5 f6 48. Bf7 Qb2+ 49. Kf1 Qxa2
50. Rf3 a5 51. Kg1 Qa1+ 52. Kg2 Qe5 53. Rf2 f4 54. Rf3 Kg7 0-1

[Event "10th EICC"]
[Site "Budva MNE"]
[Date "2009.03.15"]
[Round "9"]
[White "Berbatov,K"]
[Black "Ceranic,M"]
[Result "1-0"]
[WhiteElo "2392"]
[BlackElo "2147"]
[EventDate "2009.03.06"]

1. e4 c5 2. Nf3 d6 3. d4 cxd4 4. Nxd4 Nf6 5. Nc3 a6 6. Bc4 e6 7. Bb3 Be7 8.
g4 h6 9. Be3 Nc6 10. f3 Qc7 11. Qe2 b5 12. Nxc6 Qxc6 13. O-O-O Bb7 14. h4
O-O-O 15. g5 hxg5 16. hxg5 Nh5 17. Rhg1 g6 18. a4 b4 19. Rd4 Qd7 20. Rxb4
d5 21. Rxb7 Qxb7 22. exd5 e5 23. Bc4 Qb4 24. Bxa6+ Kb8 25. Nb5 Qxa4 26.
Ba7+ Ka8 27. Nc7+ Kxa7 28. Qe3+ Qd4 29. Nb5+ Kxa6 30. Nxd4 1-0

[Event "10th EICC"]
[Site "Budva MNE"]
[Date "2009.03.15"]
[Round "9"]
[White "Lekic,D"]
[Black "Becic,S"]
[Result "1-0"]
[WhiteElo "2390"]
[BlackElo "2131"]
[EventDate "2009.03.06"]

1. d4 d5 2. c4 e6 3. Nc3 c5 4. cxd5 exd5 5. Nf3 Nc6 6. g3 Nf6 7. Bg2 c4 8.
O-O Be7 9. Ne5 Be6 10. Bg5 O-O 11. f4 Ng4 12. Nxg4 Bxg4 13. Bxd5 Bxg5 14.
fxg5 Qxg5 15. Rf4 Rad8 16. Qd2 h6 17. e4 Be6 18. Raf1 Nb4 19. Bxe6 fxe6 20.
Ne2 Nd3 21. h4 Qb5 22. Rxf8+ Rxf8 23. Nf4 Qxb2 24. Qxb2 Nxb2 25. Nxe6 Rxf1+
26. Kxf1 Nd3 27. Ke2 b5 28. d5 Kf7 29. Kd2 b4 30. Nd8+ Ke8 31. Nc6 Nc5 32.
e5 Ne4+ 33. Ke3 b3 34. axb3 cxb3 35. Kd3 Nxg3 36. e6 b2 37. Kc2 Nf5 38.
Kxb2 Ne7 39. Nxe7 Kxe7 40. h5 Kf6 41. Kc3 a5 42. Kc4 a4 43. Kb4 g5 44. hxg6
Kxg6 45. Kxa4 h5 46. Kb5 h4 47. Kc6 h3 48. e7 1-0

[Event "10th EICC"]
[Site "Budva MNE"]
[Date "2009.03.15"]
[Round "9"]
[White "Mikavica,M"]
[Black "Onoprienko,V"]
[Result "0-1"]
[WhiteElo "2211"]
[BlackElo "2372"]
[EventDate "2009.03.06"]

1. d4 Nf6 2. c4 g6 3. Nc3 Bg7 4. Bg5 h6 5. Bh4 d6 6. e3 O-O 7. Nf3 c6 8.
Bd3 Nbd7 9. O-O e5 10. Qc2 Qe8 11. dxe5 dxe5 12. Nd2 Nc5 13. f3 Nxd3 14.
Qxd3 Be6 15. Qc2 b5 16. c5 Nd5 17. Nxd5 Bxd5 18. e4 Be6 19. Rfd1 a5 20. Nf1
f5 21. Rd6 f4 22. a4 g5 23. Bf2 b4 24. Nd2 Rf6 25. Nc4 Rg6 26. h3 h5 27.
Rad1 Kh7 28. Kf1 g4 29. hxg4 hxg4 30. Ke2 Rh6 31. Qc1 Rh2 32. Nb6 Ra7 33.
Rh1 Rh6 34. Rxh6+ Bxh6 35. Bh4 Rg7 36. Qh1 Qg6 37. Bg5 Qxg5 38. Rxe6 gxf3+
39. gxf3 Qg2+ 40. Qxg2 Rxg2+ 41. Ke1 Rxb2 42. Nc4 Rc2 43. Nxa5 Rxc5 44. Nb3
Rc3 45. Nd2 Bf8 46. a5 b3 47. a6 b2 48. a7 Ra3 49. Rxc6 Bb4 50. Rc7+ Kg6
51. Kd1 Bxd2 52. Kc2 Be3 0-1

[Event "10th EICC"]
[Site "Budva MNE"]
[Date "2009.03.15"]
[Round "9"]
[White "Masic,P"]
[Black "Draskovic,L"]
[Result "1/2-1/2"]
[WhiteElo "2371"]
[BlackElo "1983"]
[EventDate "2009.03.06"]

1. e4 c5 2. Nf3 d6 3. c3 Nf6 4. Be2 Bg4 5. O-O e6 6. Re1 Be7 7. d4 O-O 8.
Nbd2 Nc6 9. dxc5 dxc5 10. Qc2 Qc7 11. Bd3 e5 12. Bc4 Na5 13. Be2 a6 14. Nf1
Bh5 15. Ng3 Bg6 16. Nh4 Rfd8 17. Nhf5 Bf8 18. Bg5 Qc6 19. f3 Rd7 20. Rad1
Rad8 21. Rxd7 Rxd7 22. Rd1 Bxf5 23. Nxf5 Ne8 24. Ne3 Nc7 25. Bd8 c4 26.
Bxc7 Rxd1+ 27. Qxd1 Qxc7 28. Nd5 Qc5+ 29. Kf1 b5 30. Nb4 Nc6 31. Nd5 Ne7
1/2-1/2

[Event "10th EICC"]
[Site "Budva MNE"]
[Date "2009.03.15"]
[Round "9"]
[White "Schartz,A"]
[Black "Lamoureux,C"]
[Result "1/2-1/2"]
[WhiteElo "2202"]
[BlackElo "2374"]
[EventDate "2009.03.06"]

1. e4 c5 2. Nf3 e6 3. c3 d5 4. exd5 exd5 5. d4 Nc6 6. Bb5 Bd6 7. dxc5 Bxc5
8. O-O Nge7 9. Nbd2 O-O 10. Nb3 Bd6 11. Nbd4 Bg4 12. Qa4 Bh5 13. Be2 Re8
14. Re1 Nxd4 15. Nxd4 Nc6 16. Nxc6 bxc6 17. Be3 Bxe2 18. Rxe2 Qc7 19. h3
Re4 20. Qa6 Rae8 21. Rae1 f5 22. Kf1 h6 23. f3 R4e7 24. Bf2 Rxe2 25. Rxe2
Rxe2 26. Qxe2 Qd7 27. b4 Kf7 28. Bd4 Qb7 29. a4 a6 30. Kf2 Qc8 31. Be5 Bf8
32. Qd3 g6 33. Kf1 Qb7 34. Bd4 Qc8 1/2-1/2

[Event "10th EICC"]
[Site "Budva MNE"]
[Date "2009.03.15"]
[Round "9"]
[White "Karisik,N"]
[Black "Franciskovic,B"]
[Result "1/2-1/2"]
[WhiteElo "2023"]
[BlackElo "2260"]
[EventDate "2009.03.06"]

1. e4 c6 2. d4 d5 3. Nc3 dxe4 4. Nxe4 Bf5 5. Ng3 Bg6 6. h4 h6 7. Nf3 Nd7 8.
Bd3 Bxd3 9. Qxd3 e6 10. Bf4 Qa5+ 11. Bd2 Qc7 12. O-O-O Ngf6 13. Kb1 O-O-O
14. Bc1 Bd6 15. Ne4 Nxe4 16. Qxe4 Nf6 17. Qe2 Rhe8 18. Rh3 Kb8 19. a3 Ka8
20. Rd3 Nd5 21. c4 Nf4 22. Bxf4 Bxf4 23. Rh1 Qe7 24. Rhd1 Bc7 25. h5 a6 26.
Ne5 Bxe5 27. dxe5 Rxd3 28. Rxd3 Rd8 29. f4 Rxd3 30. Qxd3 Qh4 31. Qf3 Qe1+
32. Ka2 Qc1 33. Kb3 Qd2 34. g3 Qd4 35. Qe2 Kb8 36. Kc2 Qg1 37. Qf3 Qh2+ 38.
Kc3 Qg1 39. Qd3 Qe1+ 40. Kb3 Qf2 41. Ka2 Ka7 42. Kb3 Kb8 43. Kc3 Qe1+ 44.
Kb3 1/2-1/2

[Event "10th EICC"]
[Site "Budva MNE"]
[Date "2009.03.15"]
[Round "9"]
[White "Fugulyan,G"]
[Black "Vucinic,P"]
[Result "0-1"]
[WhiteElo "1978"]
[BlackElo "2257"]
[EventDate "2009.03.06"]

1. d4 Nf6 2. c4 e6 3. Nc3 d5 4. Nf3 Be7 5. Bg5 O-O 6. e3 Nbd7 7. Bd3 b6 8.
Ne5 Bb7 9. Nxd7 Qxd7 10. f3 Rfd8 11. cxd5 Nxd5 12. Bxe7 Qxe7 13. Qe2 c5 14.
Nxd5 exd5 15. O-O Rd6 16. Rae1 Re6 17. Bf5 Rf6 18. Bc2 g6 19. f4 cxd4 20.
Qd3 dxe3 21. Rxe3 Qc5 22. Kh1 Qb4 23. a3 Qd6 24. Qd4 Rc8 25. Bd3 Qc5 26.
Qxc5 bxc5 27. Re7 Rb6 28. f5 g5 29. f6 c4 30. Bf5 Rd8 31. Rf3 h6 32. h4 d4
33. Rf2 d3 34. Rd2 Rxf6 35. Bxd3 Rxd3 0-1

[Event "10th EICC"]
[Site "Budva MNE"]
[Date "2009.03.15"]
[Round "9"]
[White "Medancic,R"]
[Black "Scekic,V"]
[Result "1/2-1/2"]
[WhiteElo "2242"]
[BlackElo "2084"]
[EventDate "2009.03.06"]

1. d4 d5 2. Nf3 Nf6 3. c4 e6 4. g3 c6 5. Qc2 Nbd7 6. Bg2 Bd6 7. O-O O-O 8.
Nbd2 e5 9. cxd5 cxd5 10. dxe5 Nxe5 11. Nxe5 Bxe5 12. Nf3 Bd6 13. Rd1 Be6
14. Qb3 Qe7 15. Nd4 Rfd8 16. Bg5 Bc5 17. e3 h6 18. Bxf6 Qxf6 19. Rd2 Rd7
20. Qb5 Qe7 21. Nb3 b6 22. Rad1 Rad8 23. Nd4 Bxd4 24. Rxd4 Qc5 25. Qd3 Qc4
26. Qb1 Qc5 27. Rc1 Qe7 28. Qc2 Qd6 29. h4 Qe5 30. Qd2 Kh8 31. Rc6 Kg8 32.
Qc3 Qf5 33. Qc1 Qf6 34. b4 Qe7 35. Qd2 Kh8 36. Qc3 Kg8 37. Kh2 Qf6 38. Qd2
Qe7 39. a3 Kh8 40. Rc3 Kg8 41. Bh3 Qd6 42. Qc2 Qe7 43. Bf1 Qf6 44. Bd3 g6
45. Rc6 Kg7 46. Kg1 Qe5 47. Qc3 h5 48. Qc1 Re7 49. b5 Bd7 50. Rc2 Be6 51.
Bf1 Ree8 52. a4 Rc8 53. Qd2 Rxc2 54. Qxc2 1/2-1/2

[Event "10th EICC"]
[Site "Budva MNE"]
[Date "2009.03.15"]
[Round "9"]
[White "Pejovic,J"]
[Black "Stamatovic,V"]
[Result "1-0"]
[WhiteElo "2214"]
[BlackElo "1974"]
[EventDate "2009.03.06"]

1. d4 Nf6 2. c4 g6 3. Nc3 Bg7 4. e4 d6 5. f3 O-O 6. Bg5 h6 7. Be3 Nbd7 8.
Nh3 e5 9. d5 Kh7 10. g4 Ng8 11. Qd2 f5 12. gxf5 gxf5 13. exf5 Nc5 14. b4
Na6 15. a3 Bxf5 16. Nf2 Qh4 17. O-O-O Nb8 18. Nfe4 Bg6 19. Qg2 Nd7 20. Rg1
Ne7 21. Bd3 Rg8 22. Qd2 Nf6 23. Rg2 Bf5 24. Rdg1 Bh8 25. Ng3 Bg6 26. Qc2 e4
27. Ncxe4 Nxe4 28. Nxe4 Qh5 29. f4 Qf5 30. Ng5+ hxg5 31. Bxf5 Bxf5 32. Qe2
g4 33. h3 1-0

[Event "10th EICC"]
[Site "Budva MNE"]
[Date "2009.03.15"]
[Round "9"]
[White "Andrejic,V"]
[Black "Filipovic,Mi"]
[Result "1-0"]
[WhiteElo "2275"]
[BlackElo "2121"]
[EventDate "2009.03.06"]

1. d4 Nf6 2. c4 g6 3. Nc3 Bg7 4. e4 d6 5. h3 c5 6. d5 O-O 7. Nf3 e6 8. dxe6
Bxe6 9. Be2 Nc6 10. O-O h6 11. Bf4 Qa5 12. Qd2 Kh7 13. Bxd6 Rfd8 14. Qf4
Ne8 15. e5 Nxd6 16. exd6 Bxc3 17. bxc3 Qxc3 18. Rfd1 Rd7 19. Rac1 Qb2 20.
Bd3 Kg7 21. Be4 Rad8 22. Rc2 Qf6 23. Qg3 Nb4 24. Rcd2 Bxc4 25. a3 Na2 26.
Ne5 Be6 27. Nxd7 Rxd7 28. Rc2 b6 29. Rdd2 a5 30. Bd5 Bxd5 31. Rxd5 Qe6 32.
Rdd2 Qe1+ 33. Kh2 Nc1 34. Qc3+ 1-0

[Event "10th EICC"]
[Site "Budva MNE"]
[Date "2009.03.15"]
[Round "9"]
[White "Bajkovic,N"]
[Black "Dinter,B"]
[Result "0-1"]
[WhiteElo "2180"]
[BlackElo "2055"]
[EventDate "2009.03.06"]

1. d4 d5 2. c4 c6 3. Nc3 Nf6 4. e3 g6 5. Nf3 Bg7 6. Bd3 dxc4 7. Bxc4 O-O 8.
a3 Nbd7 9. O-O Qc7 10. b4 e5 11. h3 Nb6 12. Nxe5 Nfd5 13. Bxd5 cxd5 14. Nb5
Qe7 15. Nd3 Bd7 16. Nc3 Rad8 17. a4 Bc8 18. b5 Nc4 19. Nf4 Be6 20. Qb3 Qd7
21. a5 g5 22. Nxe6 Qxe6 23. Ra2 f5 24. Qd1 Rc8 25. Qd3 b6 26. axb6 axb6 27.
Ra6 Ra8 28. Bd2 Rxa6 29. bxa6 Ra8 30. Ra1 Qc6 31. Be1 Qd7 32. Ra2 Bf8 33.
Qb1 f4 34. Qb5 Qxb5 35. Nxb5 fxe3 36. a7 exf2+ 37. Kxf2 Na3 38. Nc7 Rxa7
39. Nxd5 Ra4 40. Ke3 Nc4+ 41. Kd3 Rxa2 42. Kxc4 Rxg2 43. Nxb6 Kf7 44. Nd7
Be7 45. Ne5+ Ke6 46. Bc3 Bd6 47. d5+ Ke7 48. Ng4 h5 49. Ne3 Rf2 50. Bd4 Rf3
51. Kb5 Kd7 0-1

[Event "10th EICC"]
[Site "Budva MNE"]
[Date "2009.03.15"]
[Round "9"]
[White "Jakic,V"]
[Black "Malureanu,C"]
[Result "1-0"]
[WhiteElo "2154"]
[BlackElo "2013"]
[EventDate "2009.03.06"]

1. e4 d6 2. d4 Nf6 3. Nc3 g6 4. f4 Bg7 5. Nf3 O-O 6. Bd3 Na6 7. Be3 c5 8.
dxc5 Nxc5 9. Bxc5 dxc5 10. e5 Nd5 11. Nxd5 Qxd5 12. Qe2 Bf5 13. Bxf5 gxf5
14. O-O Qc6 15. a4 Rad8 16. Rfe1 a6 17. a5 e6 18. c3 Rd7 19. Nd2 Rfd8 20.
Nc4 Bf8 21. Rad1 Rxd1 22. Rxd1 Rxd1+ 23. Qxd1 Qe4 24. Qf1 Be7 25. g3 Kg7
26. Kf2 Kg8 27. Qe2 Qh1 28. Ke3 Qg1+ 29. Kd2 Kg7 30. Kc2 Qh1 31. Qd2 Qe4+
32. Kb3 Qc6 33. Ka3 Qb5 34. b3 Qc6 35. Kb2 Qh1 36. Nd6 Qf3 37. Nc4 Qh1 38.
Qe2 Kf8 39. Kc2 Qd5 40. Nd2 Qd8 41. Nc4 Qd5 42. Nd2 Qd8 43. Qf3 Qxa5 44.
Qxb7 Qa1 45. Qc8+ Kg7 46. Qd7 Bf8 47. g4 Qa2+ 48. Kd3 fxg4 49. f5 Qa5 50.
fxe6 Qb5+ 51. c4 Qxd7+ 52. exd7 Be7 53. Ne4 Kf8 54. Nxc5 Bd8 55. Nxa6 Ke7
56. Nb4 Kxd7 57. Nd5 Ke6 58. Ke4 Bg5 59. Nf4+ 1-0

[Event "10th EICC"]
[Site "Budva MNE"]
[Date "2009.03.15"]
[Round "9"]
[White "Mikavica,D"]
[Black "Gazvoda,F"]
[Result "1-0"]
[WhiteElo "2034"]
[BlackElo "2065"]
[EventDate "2009.03.06"]

1. d4 d5 2. c4 dxc4 3. Nc3 a6 4. a4 e6 5. e4 Nf6 6. Bxc4 Bb4 7. Bg5 h6 8.
Bxf6 Qxf6 9. Nge2 O-O 10. O-O e5 11. Nd5 Qd6 12. dxe5 Qc5 13. Rc1 Qa5 14.
Qb3 Nc6 15. Qg3 Kh8 16. f4 Re8 17. Nxb4 Qxb4 18. Bxf7 Re7 19. Bd5 Qxb2 20.
Qe3 Nb4 21. Nc3 c6 22. Rb1 Qa3 23. Rb3 Nxd5 24. Nxd5 Qxb3 25. Qxb3 Be6 26.
Qb4 1-0

[Event "10th EICC"]
[Site "Budva MNE"]
[Date "2009.03.15"]
[Round "9"]
[White "Vrhovnik,D"]
[Black "Vukovic,K"]
[Result "1-0"]
[WhiteElo "1976"]
[BlackElo "2055"]
[EventDate "2009.03.06"]

1. e4 e6 2. d3 d5 3. Nd2 Nf6 4. Ngf3 dxe4 5. dxe4 b6 6. Bd3 Bb7 7. O-O Na6
8. Ne5 Nb4 9. Bb5+ c6 10. Ba4 b5 11. Bb3 c5 12. Qe2 a6 13. c3 Nc6 14. Nxc6
Bxc6 15. e5 Nd5 16. Ne4 c4 17. Bc2 Qc7 18. Ng3 Bc5 19. a4 O-O 20. Nh5 g6
21. axb5 axb5 22. Bh6 Rfc8 23. Rad1 Ra2 24. Bb1 Nxc3 25. Nf6+ Kh8 26. Qe1
Nxd1 27. Bxa2 Nxb2 28. Ng4 Nd3 29. Qd2 Qb7 30. Bg7+ Kg8 31. Qh6 f5 32. Nf6+
Kf7 33. Nxh7 Rg8 34. Ng5+ Ke7 35. Qxg6 Rxg7 36. Qxg7+ Ke8 37. Qg8+ Kd7 38.
Nxe6 Be7 39. Bb1 Bd5 40. Nf8+ Ke8 41. Ne6+ Kd7 42. Nf8+ Ke8 43. Ne6+ Kd7
44. Nf8+ Ke8 45. Qg6+ Kxf8 46. Qxf5+ Ke8 47. Bxd3 cxd3 48. Qxd3 Be4 49. Qh3
b4 50. e6 Bf6 51. Rd1 Bd4 52. Rxd4 1-0

[Event "10th EICC"]
[Site "Budva MNE"]
[Date "2009.03.15"]
[Round "9"]
[White "Petovic,L"]
[Black "Gagic,M"]
[Result "0-1"]
[WhiteElo "2052"]
[BlackElo "1880"]
[EventDate "2009.03.06"]

1. e4 c6 2. d4 d5 3. Nc3 dxe4 4. Nxe4 Bf5 5. Ng3 Bg6 6. Bc4 e6 7. f4 Nf6 8.
Qe2 Be7 9. Nf3 Nbd7 10. O-O O-O 11. Ng5 Nd5 12. h4 Re8 13. h5 Bf5 14. Nxf5
exf5 15. Qd3 N7b6 16. Bb3 Qd7 17. c3 Rad8 18. Bc2 g6 19. Qh3 Bxg5 20. fxg5
Nc4 21. Bd3 Nce3 22. Rf3 Ng4 23. Bd2 Re7 24. c4 Nb6 25. Bc3 Rde8 26. b3 Re3
27. Raf1 Qe7 28. Rxe3 Qxe3+ 29. Qxe3 Rxe3 30. Rf3 Re6 31. a4 Ne3 32. a5 Nc8
33. Bd2 Ng4 34. Bf1 Nd6 35. Bf4 Ne4 36. d5 cxd5 37. cxd5 Re8 38. Bb5 Rd8
39. d6 f6 40. d7 Ne5 41. Bxe5 fxe5 42. Rd3 a6 43. Bc4+ Kf8 44. Rd5 Nxg5 45.
Rxe5 Rxd7 46. Kf2 Kg7 47. Ke3 Kf6 48. Rd5 Re7+ 49. Kd4 Ne4 50. Rd8 Kg5 51.
Bd5 Nf6 52. Bf3 Ne4 53. Rd5 Kf4 54. Rd8 g5 55. h6 g4 56. Bxe4 Rxe4+ 57. Kd5
Re7 58. Rg8 Re2 59. Rg7 Rxg2 60. Rxb7 Rh2 61. Rxh7 g3 62. b4 g2 63. Rg7 Kf3
64. b5 axb5 65. h7 Rxh7 66. Rxh7 g1=Q 0-1

[Event "10th EICC"]
[Site "Budva MNE"]
[Date "2009.03.15"]
[Round "9"]
[White "Dedic,S"]
[Black "Zdravkovic,DS"]
[Result "1-0"]
[WhiteElo "1968"]
[BlackElo "2130"]
[EventDate "2009.03.06"]

1. c4 g6 2. d4 Bg7 3. e4 d6 4. Nc3 c6 5. Nf3 Bg4 6. Be2 Nd7 7. h3 Bxf3 8.
Bxf3 c5 9. d5 a6 10. a4 Ngf6 11. Bf4 Qb6 12. Qc2 O-O 13. Be2 Ne8 14. a5 Qc7
15. Bd2 b6 16. axb6 Nxb6 17. O-O Nf6 18. Ra2 Ra7 19. Rfa1 Rfa8 20. Ra3 Nfd7
21. f4 Bd4+ 22. Kh1 e6 23. R1a2 Qb7 24. Qb1 Nc8 25. Bg4 h5 26. Bf3 e5 27.
f5 Ndb6 28. Qd3 Qe7 29. Ne2 Qh4 30. Nxd4 exd4 31. fxg6 fxg6 32. e5 Kg7 33.
e6 Ne7 34. Ba5 Rb7 35. Qe2 d3 36. Bc3+ Kh7 37. Qxd3 Qxc4 38. Qxc4 Nxc4 39.
Rxa6 Rxa6 40. Rxa6 Kh6 41. Bf6 Nxb2 42. Ra8 Nf5 43. Rh8+ Rh7 44. Rxh7+ Kxh7
45. e7 Nxe7 46. Bxe7 c4 47. Bxd6 Kg8 48. Bb4 Nd3 49. d6 1-0

[Event "10th EICC"]
[Site "Budva MNE"]
[Date "2009.03.15"]
[Round "9"]
[White "Kandic,Milo"]
[Black "Kopischke,M"]
[Result "1-0"]
[WhiteElo "2075"]
[BlackElo "1910"]
[EventDate "2009.03.06"]

1. e4 d6 2. d4 Nf6 3. Nc3 g6 4. f3 Bg7 5. Be3 c6 6. Qd2 b5 7. Bd3 Qa5 8. h4
Nbd7 9. Nge2 b4 10. Nd1 c5 11. Nf2 Ba6 12. Bxa6 Qxa6 13. O-O O-O 14. a3
bxa3 15. Rxa3 Qb7 16. b3 Rfc8 17. c3 cxd4 18. cxd4 Rc7 19. Rfa1 Rac8 20.
R1a2 Qb8 21. d5 Nb6 22. Nd4 Nfxd5 23. exd5 Nxd5 24. Bh6 Rc1+ 25. Kh2 Bxh6
26. Qxh6 Nf6 27. Rxa7 d5+ 28. g3 e5 29. Nf5 gxf5 30. Qg5+ Kf8 31. Qxf6 R1c7
32. Qh8+ Ke7 33. Qxe5+ 1-0

[Event "10th EICC"]
[Site "Budva MNE"]
[Date "2009.03.16"]
[Round "10"]
[White "Guseinov,G"]
[Black "Savic,Miod1"]
[Result "1-0"]
[WhiteElo "2661"]
[BlackElo "2525"]
[EventDate "2009.03.06"]

1. e4 e5 2. Nf3 Nf6 3. d4 Nxe4 4. dxe5 d5 5. Nbd2 Be7 6. Nxe4 dxe4 7. Qxd8+
Bxd8 8. Nd4 O-O 9. Bf4 Re8 10. Bc4 a6 11. O-O-O c5 12. e6 fxe6 13. Nxe6
Bxe6 14. Bxe6+ Kf8 15. Bd5 Nc6 16. Rhe1 Bf6 17. Bxe4 Bd4 18. f3 h6 19. Bd6+
Kf7 20. c3 Red8 21. Bd5+ Kg6 22. cxd4 Rxd6 23. dxc5 Rf6 24. Be4+ Kh5 25.
Rd7 Rc8 26. Rxg7 Nb4 27. a3 Rxc5+ 28. Kb1 Nc6 29. f4 Nd4 30. Re3 Rxf4 31.
Rh3+ 1-0

[Event "10th EICC"]
[Site "Budva MNE"]
[Date "2009.03.16"]
[Round "10"]
[White "Nyback,T"]
[Black "Rasulov,Vu"]
[Result "1-0"]
[WhiteElo "2644"]
[BlackElo "2391"]
[EventDate "2009.03.06"]

1. Nf3 g6 2. d4 f5 3. c4 Nf6 4. g3 Bg7 5. Bg2 O-O 6. b4 d6 7. Bb2 c6 8. O-O
e5 9. dxe5 Ng4 10. Qb3 Nxe5 11. c5+ Nf7 12. Bxg7 Kxg7 13. cxd6 Qxd6 14.
Nbd2 Qf6 15. e4 Be6 16. Qe3 Rd8 17. Rfe1 Nd7 18. Nd4 Nde5 19. f4 Ng4 20.
Nxe6+ Qxe6 21. Qc3+ Kg8 22. exf5 Qxf5 23. Ne4 Qb5 24. h3 Rd3 25. Qb2 Ngh6
26. Kh2 Rdd8 27. Nc5 Nf5 28. Ne6 Qb6 29. Nxd8 Rxd8 30. Rad1 Rxd1 1-0

[Event "10th EICC"]
[Site "Budva MNE"]
[Date "2009.03.16"]
[Round "10"]
[White "Vitiugov,N"]
[Black "Kurnosov,I"]
[Result "1/2-1/2"]
[WhiteElo "2687"]
[BlackElo "2602"]
[EventDate "2009.03.06"]

1. c4 e5 2. Nc3 Nf6 3. Nf3 Nc6 4. g3 d5 5. cxd5 Nxd5 6. Bg2 Nb6 7. O-O Be7
8. Rb1 a5 9. d3 Be6 10. Be3 O-O 11. Bxb6 cxb6 12. Qa4 Rc8 13. Rbc1 Nd4 14.
Nxd4 exd4 15. Ne4 Bc5 16. a3 Bd7 17. Qd1 Bc6 18. Nxc5 Bxg2 19. Ne6 fxe6 20.
Kxg2 Qd5+ 21. Kg1 Rc6 22. Qd2 Rfc8 23. e3 h6 24. Rxc6 bxc6 25. exd4 Qxd4
26. Re1 Re8 27. Re4 Qd5 28. Qe3 c5 29. Re5 Qa2 30. Qe2 Kh8 31. Kg2 Qb1 32.
h4 Qc1 33. a4 Qa1 34. Qc2 Qa2 35. d4 cxd4 36. Qc6 Rf8 37. Qd6 Rf5 38. Rxf5
exf5 39. Qxd4 Kh7 40. Qe5 Qxa4 41. Qxf5+ Kh8 42. Qf8+ Kh7 43. Qf5+ Kh8 44.
Qf8+ 1/2-1/2

[Event "10th EICC"]
[Site "Budva MNE"]
[Date "2009.03.16"]
[Round "10"]
[White "Timofeev,Arty"]
[Black "Banikas,H"]
[Result "1-0"]
[WhiteElo "2671"]
[BlackElo "2582"]
[EventDate "2009.03.06"]

1. e4 c5 2. Nf3 Nc6 3. d4 cxd4 4. Nxd4 Nf6 5. Nc3 e5 6. Ndb5 d6 7. Bg5 a6
8. Na3 b5 9. Nd5 Be7 10. Bxf6 Bxf6 11. c3 Rb8 12. Nc2 Bg5 13. a3 O-O 14.
Be2 Ne7 15. Ncb4 Bb7 16. O-O Kh8 17. Qd3 a5 18. Nxe7 axb4 19. Nd5 bxa3 20.
Rxa3 Bxd5 21. Qxd5 b4 22. Ra7 bxc3 23. bxc3 Rc8 24. Bc4 Rc5 25. Qd3 Rc7 26.
Rfa1 g6 27. g3 Kg7 28. h4 Be7 29. Kg2 Qd7 30. Rxc7 Qxc7 31. Qd5 Bf6 32. Rb1
Rc8 33. Rb7 Qxb7 34. Qxb7 Rxc4 35. Qb3 Rxe4 36. Qd5 Re2 37. h5 gxh5 38. Qd1
Rb2 39. Qxh5 h6 40. Qd1 e4 41. Qg4+ Kf8 42. Qf4 Bxc3 43. Qxh6+ Ke7 44. Qh4+
Bf6 45. Qxe4+ Kf8 46. Qf4 Be5 47. Qe3 Rb8 48. f4 Bg7 49. Qd3 Ke7 50. Qe4+
Kf8 51. Qd5 Ke7 52. Kf3 Bf8 53. g4 Bg7 54. g5 Rb4 55. Qc6 Rb3+ 56. Kg4 Rc3
57. Qb7+ Kf8 58. Qd7 Kg8 59. Qxd6 Bf8 60. Qd5 Rc5 61. Qd8 Rc6 62. Qd7 Rd6
63. Qc8 Rd1 64. Qc4 Rb1 65. Qd5 Kg7 66. Kh5 Rc1 67. Qb3 Kg8 68. Kg4 Rg1+
69. Kf5 Rg2 70. Qc4 Rg1 71. Kf6 Bg7+ 72. Ke7 Re1+ 73. Kd7 Rd1+ 74. Kc6 Rd4
75. Qb3 Bf8 76. f5 Rd6+ 77. Kc7 Ra6 78. Qd5 Ra7+ 79. Kb6 Re7 80. Kc6 Ra7
81. Kb6 Re7 82. Qc4 Re5 83. Qg4 Rd5 84. Qe4 Rd1 85. Kc7 Bd6+ 86. Kc8 Bf8
87. Qc4 Rd6 88. Kc7 Kg7 89. Qe4 Kg8 90. f6 Re6 91. Qf5 Re3 92. g6 Rg3 93.
gxf7+ Kxf7 94. Kd7 Re3 95. Qh5+ Kxf6 96. Qh4+ Kg6 97. Qg4+ Kh7 98. Qf5+ 1-0